Score 0/21 Timer 05:00
0 Plays Today
% Correct
smile
97.2%
limes
96.1%
pears
94.8%
slime
94.4%
tacos
93.8%
roots
93.2%
tears
92.1%
coast
88.6%
spear
87.5%
spare
86%
torso
79.8%
% Correct
spine
79.1%
taser
78.4%
pines
77.1%
ascot
63.2%
roost
59%
steel
58.2%
snipe
48.6%
sleet
48.2%
aster
46.4%
stele
23%
Remove Ads.
Support Sporcle.
Get the best of Sporcle when you Go Orange. This ad-free experience offers more features, more stats, and more fun while also helping to support Sporcle. Thank you for becoming a member.

You're not logged in!

Compare scores with friends on all Sporcle quizzes.
OR
Log In

Show Comments

Extras

Top Quizzes Today


Score Distribution

Your Account Isn't Verified!

In order to create a playlist on Sporcle, you need to verify the email address you used during registration. Go to your Sporcle Settings to finish the process.

Report this User

Report this user for behavior that violates our Community Guidelines.

Details: